书目信息 |
| 题名: |
中国旅游地理
|
|
| 作者: | 范黎光 , 张仁军 主编 | |
| 分册: | ||
| 出版信息: | 北京 化学工业出版社 2007 |
|
| 页数: | 240页 | |
| 开本: | 24cm | |
| 丛书名: | ||
| 单 册: | ||
| 中图分类: | F592.99 | |
| 科图分类: | ||
| 主题词: | 旅游地理学--中国 | |
| 电子资源: | ||
| ISBN: | 978-7-122-00090-3 | |
| 000 | 00987nam0 2200277 450 | |
| 001 | 012004138185 | |
| 005 | 20070720095041.04 | |
| 009 | 012004138185 | |
| 010 | @a978-7-122-00090-3@dCNY25.00 | |
| 035 | @a(110120)012007015646 | |
| 100 | @a20070530d2007 em y0chiy0110 ea | |
| 101 | 0 | @achi |
| 102 | @aCN@b110000 | |
| 105 | @aab z 000yy | |
| 106 | @ar | |
| 200 | 1 | @a中国旅游地理@Azhong guo lv you di li@f范黎光,张仁军主编@Ffan li guang, zhang ren jun zhu bian |
| 210 | @a北京@c化学工业出版社@d2007 | |
| 215 | @a240页@c图,地图@d24cm | |
| 300 | @a高职高专“十一五”规划教材 旅游管理系列 | |
| 330 | @a本书从基础性、实用性角度,对自然旅游资源、人文旅游资源、旅游区划的内容做了介绍。在较为系统地阐述旅游地理学基本理论的基础上,对中国各旅游区划内的著名景点做了逐一详细介绍。 | |
| 606 | 0 | @a旅游地理学@y中国 |
| 690 | @aF592.99@v4 | |
| 701 | 0 | @a范黎光@Afan li guang@4主编 |
| 701 | 0 | @a张仁军@Azhang ren jun@4主编 |
| 801 | 0 | @aCN@b110120@c20070720 |
| 905 | @dF592.99@e157@f5 | |
| 中国旅游地理/范黎光,张仁军主编.-北京:化学工业出版社,2007 |
| 240页:图,地图;24cm |
| 高职高专“十一五”规划教材 旅游管理系列 |
| ISBN 978-7-122-00090-3:CNY25.00 |
| 本书从基础性、实用性角度,对自然旅游资源、人文旅游资源、旅游区划的内容做了介绍。在较为系统地阐述旅游地理学基本理论的基础上,对中国各旅游区划内的著名景点做了逐一详细介绍。 |
| ● |
| 相关链接 |
|
|
|
|
正题名:中国旅游地理
索取号:F592.99/157
 
预约/预借
| 序号 | 登录号 | 条形码 | 馆藏地/架位号 | 状态 | 备注 |
| 1 | 0850267 | 208502672 | 第一样本阅览室/ [索取号:F592.99/157] | 在馆 | |
| 2 | 0850268 | 208502681 | 第一借阅区/ [索取号:F592.99/157] | 在馆 | |
| 3 | 0850269 | 208502690 | 第一借阅区/ [索取号:F592.99/157] | 在馆 | |
| 4 | 0850270 | 208502707 | 第一借阅区/ [索取号:F592.99/157] | 在馆 | |
| 5 | 0850271 | 208502716 | 第一借阅区/ [索取号:F592.99/157] | 在馆 |